000
00234 a2200097 4500
001
8677
090
_c
6992
_d
6992
100
_a
Covey Stephen
245
_a
seven Habits of highly influential peoples
260
_b
Simon & Schuster
_c
1994
942
_a
NUST-CAE
_k
158.1 COV
999
_c
243750
_d
243750